000 00743nmc a2200277 a 4500
003 AR-BaBNM
005 20251128202801.0
008 127019s1955 ||||||||||||||000 | spa||
040 _cAR-BaBNM
100 1 _aGhiano, Juan Carlos
245 1 0 _aLugones escritor
_bnotas para un análisis estilístico
260 _aBuenos Aires
_bRaigal
_c1955
300 0 _a177 p.
490 0 _aBiblioteca Juan María Gutiérrez
650 4 _aLITERATURA ARGENTINA
650 4 _aCRITICA LITERARIA
650 4 _aHISTORIA LITERARIA
650 4 _aANALISIS LITERARIO
650 4 _aBIOGRAFIAS
650 4 _aVIDA LITERARIA
653 0 _aMODERNISMO
655 _aLITERATURA
800 1 _aGhiano, Juan Carlos
_edirector
942 _cBK
998 _cMARTIN
999 _c556
_d556